Zmeny v zákone o zdravotnom poistení od 1.5.2015
Zákon č. 77/2015 Z. z., ktorý mení a dopĺňa zákon o zdravotnom poistení. Zmeny, ktorých sa novela týka. Povinnosti poistenca pri zmene zdravotnej poisťovne. Preukaz poistenca. Zoznam dlžníkov. Úhrada zdravotnej starostlivosti. Doplnenie povinností, práv a kompetencií pre zdravotné poisťovne.
Salvato in:
| Autore principale: | |
|---|---|
| Natura: | Capitolo di libro |
| Lingua: | slovacco |
| Soggetti: | |
| Tags: |
Nessun Tag, puoi essere il primo ad aggiungerne!!
|
MARC
| LEADER | 00000naa a2200000 4500 | ||
|---|---|---|---|
| 001 | 0203955 | ||
| 005 | 20231109105118.4 | ||
| 041 | 0 | |a slo | |
| 044 | |a SK | ||
| 245 | 1 | 0 | |a Zmeny v zákone o zdravotnom poistení od 1.5.2015 |c Jolana Strýčková |
| 520 | |a Zákon č. 77/2015 Z. z., ktorý mení a dopĺňa zákon o zdravotnom poistení. Zmeny, ktorých sa novela týka. Povinnosti poistenca pri zmene zdravotnej poisťovne. Preukaz poistenca. Zoznam dlžníkov. Úhrada zdravotnej starostlivosti. Doplnenie povinností, práv a kompetencií pre zdravotné poisťovne. | ||
| 610 | 2 | 0 | |a poistenie zdravotné |
| 610 | 2 | 0 | |a legislatíva |
| 610 | 2 | 0 | |a novelizácia |
| 610 | 2 | 0 | |a zákony |
| 610 | 2 | 0 | |a poisťovne zdravotné |
| 100 | 1 | |a Strýčková, Jolana | |